Movies with Flashlights Quiz Stats

Quiz Updated Jun 16, 2015

Challenge
Share
Tweet
Score 0/25 Timer 08:00
0 Plays Today
% Correct
Toy Story
97.9%
Night at the Museum
97.5%
Indiana Jones and the Kingdom of the Crystal Skull
91.1%
Jurassic Park
84.7%
Back to the Future Part III
82.1%
The Blair Witch Project
79%
Se7en
75.7%
Titanic
73.4%
Captain Phillips
70.7%
The Matrix
66.1%
The Shawshank Redemption
63.1%
Signs
59.7%
The Day After Tomorrow
54.9%
% Correct
Superbad
54.7%
The Birds
52.5%
V for Vendetta
51.6%
Now You See Me
46.8%
Prometheus
44.1%
Shutter Island
33.6%
Constantine
31.9%
Secret Window
28.7%
Hellboy II: The Golden Army
23.3%
The Descent
21.1%
Lady in the Water
20.7%
Knowing
14.3%

You're not logged in!

Compare scores with friends on all Sporcle quizzes.
Join for Free
OR
Log In

You Might Also Like...

Show Comments

Extras

Top Quizzes Today


Score Distribution

Your Account Isn't Verified!

In order to create a playlist on Sporcle, you need to verify the email address you used during registration. Go to your Sporcle Settings to finish the process.

Report this User

Report this user for behavior that violates our Community Guidelines.

Details: